000 00794nam a22002057a 4500
005 20180803165608.0
008 140925b xxu||||| |||| 00| 0 spa d
041 _aspa
044 _ack
082 _a333.9578
_bB61c
110 _aColombia
_bBirdLife International
_927264
245 _aConservación de Anfibios Amenazados en el Distrito de Conservación de Suelos Barbas-Bremen
_cBirdLife International
260 _aQuindío
_bConservation International
_bFauna&Flora International
_bWidlife Conservation Society
_c(S.F)
300 _a12 p.
_bFot (col).
_c30 cm.
650 _aAnfibios
_xDistribución Geográfica
_927265
650 _aEspecies en peligro
_927266
650 _aConservación de especies
_992692
700 _aGoméz-Hoyos, Diego.A
_eFotógrafo
_927268
942 _2ddc
_cFolleto
999 _c8735
_d8735